| 000 | 00604nam a2200205Ia 4500 | ||
|---|---|---|---|
| 003 | OSt | ||
| 005 | 20230503155959.0 | ||
| 008 | 210423s1979 xx 000 0 und d | ||
| 020 | _a24031801 | ||
| 040 | _cAL | ||
| 041 | _aeng | ||
| 082 |
_a575.1 _223 _b ROUJ |
||
| 100 |
_aROUGHGARDEN (Jonathan). _997343 |
||
| 245 | _aTheory of population genetics and evolutionary ecology: an introduction. | ||
| 260 |
_aNew York _bMacmillan India Ltd _c1979 |
||
| 300 |
_ax,634 _bPB |
||
| 365 | _cINR | ||
| 906 | _aan ; ecology: ; evolutionary ; genetics ; introduction. ; population ; Theory | ||
| 942 |
_2ddc _cBK |
||
| 999 |
_c163527 _d163527 |
||